Το Ευρωπαικό νομισματικό σύστημα και η πράσινη δραχμή
Αποθηκεύτηκε σε:
| Κύριος συγγραφέας: | |
|---|---|
| Μορφή: | Βιβλίο |
| Γλώσσα: | Greek |
| Δημοσίευση: |
Αθήνα :
Παπαζήσης,
1985
|
| Έκδοση: | 2η έκδ. |
| Θέματα: | |
| Ετικέτες: |
Προσθήκη ετικέτας
Δεν υπάρχουν, Καταχωρήστε ετικέτα πρώτοι!
|
MARC
| LEADER | 00000nam a2200000 i 4500 | ||
|---|---|---|---|
| 001 | 1/55916 | ||
| 008 | 960425s1985 gre d | ||
| 035 | |l 10027933 | ||
| 040 | |a GR-MY-UA |b gre |e aacr | ||
| 041 | 0 | |a gre | |
| 082 | 0 | |a 332.494 | |
| 100 | 1 | |a Βεργίνης, Ξενοφώντας. | |
| 245 | 1 | 3 | |a Το Ευρωπαικό νομισματικό σύστημα και η πράσινη δραχμή |
| 250 | |a 2η έκδ. | ||
| 260 | |a Αθήνα : |b Παπαζήσης, |c 1985 | ||
| 300 | |a 112 σ. | ||
| 650 | 0 | 0 | |a Monetary policy |z Europe. |
| 650 | 0 | 0 | |a Money |z European Economic Community countries. |
| 852 | |a INST |b CHIOS |e 19960425 |h 332.494 ΒΕΡ |p 005200005592 |q 005200005592 |t BK |y 0 | ||
| 909 | |a Χ |b 000586 | ||